Central Library OPAC University of Rajshahi

কথাশিল্পী শরৎচন্দ্র / (Record no. 38282)

MARC details
000 -LEADER
fixed length control field 01041nam a22002297a 4500
001 - CONTROL NUMBER
control field 38282
003 - CONTROL NUMBER IDENTIFIER
rucl marc code BD-RjUL
005 - DATE AND TIME OF LATEST TRANSACTION
control field 20211209052750.0
008 - FIXED-LENGTH DATA ELEMENTS--GENERAL INFORMATION
fixed length control field 151029s1976 ii ||||| |||| 00| 0 ben d
035 ## - SYSTEM CONTROL NUMBER
System control number (BD-RjUL)38387
040 ## - CATALOGING SOURCE
Original cataloging agency BD-RjUL
Language of cataloging ben
Transcribing agency BD-RjUL
041 ## - LANGUAGE CODE
Language code of text/sound track or separate title ben
082 ## - DEWEY DECIMAL CLASSIFICATION NUMBER
Classification number 891.44309
Author mark and year CHK 1976
Edition number 23
100 ## - MAIN ENTRY--PERSONAL NAME
Personal name চৌধুরী, নারায়ণ
9 (RLIN) 118342
245 ## - TITLE STATEMENT
Title কথাশিল্পী শরৎচন্দ্র /
Statement of responsibility, etc. নারায়ণ চৌধুরী
250 ## - EDITION STATEMENT
Edition statement ২য় সং.
260 ## - PUBLICATION, DISTRIBUTION, ETC. (IMPRINT)
Place of publication, distribution, etc. কলিকাতা :
Name of publisher, distributor, etc. এ. মুখার্জী অ্যাণ্ড কোম্পানী প্রাইভেট লিমিটেড,
Date of publication, distribution, etc. ১৯৭৬.
300 ## - PHYSICAL DESCRIPTION
Pagination ২০৬ পৃ. :
Size ২২ সেমি.
600 ## - SUBJECT ADDED ENTRY--PERSONAL NAME
Personal name চট্টোপাধ্যায়, শরৎচন্দ্র
Dates associated with a name ১৮৭৬-১৯৩৮
General subdivision ইতিহাস ও সমালোচনা
Personal name Cattopadhyaya, Saratcandra
Dates associated with a name 1876-1938
General subdivision History & Criticism
942 ## - ADDED ENTRY ELEMENTS (KOHA)
Source of classification or shelving scheme Dewey Decimal Classification
Koha item type Books
Holdings
Lost status Source of classification or shelving scheme Damaged status Not for loan Collection code Permanent Location Current Location Shelving location Date acquired Source of acquisition Cost, normal purchase price Total Checkouts Full call number Date last seen Date checked out Copy number Koha item type
  Dewey Decimal Classification     Fiction Central Library, University of Rajshahi Central Library, University of Rajshahi   15/11/1979 India Intyerkoli 15.00 3 B 891.44309 CHK 1976 20/03/2024 19/03/2024 C-2 Books
  Dewey Decimal Classification     Fiction Central Library, University of Rajshahi Central Library, University of Rajshahi   15/11/1979 Kolikata, India International 15.00 1 B 891.44309 CHK 1976 04/09/2022 01/09/2022 C-3 Books